| 000 | 00410nam a2200169 a 4500 | ||
|---|---|---|---|
| 001 | 0000-8793 | ||
| 003 | ELIB.Books | ||
| 008 | 110520 1945 | ||
| 035 | _a(ELIB.Books)0000-8939 | ||
| 082 |
_a230 _bSmi |
||
| 100 | _aSmith, Wilbur M. | ||
| 245 | _aTherefore Stand | ||
| 260 |
_bBoston: W.A. Wide Company _c1945 |
||
| 650 | _aTheology | ||
| 942 |
_2ddc _cBK |
||
| 998 |
_cbat _e2011-05-20 |
||
| 999 |
_c8793 _d8793 |
||